| 000 | 01000nam a22002657a 4500 | ||
|---|---|---|---|
| 001 | BD-DhSAU 8655 | ||
| 003 | BD-DhSAU | ||
| 005 | 20181217141836.0 | ||
| 008 | 150613b2013 bg a||||r|||| 000 0 eng d | ||
| 040 | _aBD-DhSAU | ||
| 082 |
_222 _a595.7 _bF375 |
||
| 100 |
_aFerdowsi, Sanjida _eRegistration No. # 12-05244 |
||
| 245 |
_aEffect of some plant extracts on egg laying, incubation and adult emergence of pulse beetle and protection of mungbean seeds in storage / _bMS thesis _cby Sanjida Ferdowsi |
||
| 260 |
_aSher-e- Bangla Agricultural University : _bDepartment of Entomology, _c2013. |
||
| 300 |
_aix, 65 p. : _bill. ; _c30 cm. |
||
| 590 | _ajoy | ||
| 650 | _aEntomology. | ||
| 650 | _aEgg laying | ||
| 650 | _aIncubation | ||
| 650 |
_aAdult emergence _xPulse beetle |
||
| 700 |
_aLatif, Md. Abdul _eSupervisor |
||
| 700 |
_aBanu, Mst. nur Mohal Akhter _eCo-Supervisor |
||
| 856 | _uhttp://archive.saulibrary.edu.bd:8080/xmlui/handle/123456789/1675 | ||
| 942 |
_2ddc _cTHESIS |
||
| 999 |
_c8655 _d8655 |
||